[Event "89 Bristol Championship"]
[Site "The Great Hall, Bristol Gramm"]
[Date "2023.04.01"]
[Round "2.8"]
[White "Khoury, Theo"]
[Black "Murawski, Jan"]
[Result "1/2-1/2"]
[WhiteElo "2004"]
[BlackElo "1726"]
[PlyCount "67"]
[EventDate "2023.03.31"]
[EventRounds "5"]
[EventCountry "ENG"]

1. e4 e5 2. Nf3 Nc6 3. d4 exd4 4. Nxd4 Bc5 5. Nb3 Bb6 6. Nc3 d6 7. Qe2 Nge7 8.
Be3 O-O 9. O-O-O f5 10. f4 fxe4 11. Bxb6 axb6 12. Qxe4 Ng6 13. Bc4+ Kh8 14. g3
Bh3 15. Nd4 Nxd4 16. Qxd4 Qd7 17. Rhe1 Ra5 18. Ne4 h6 19. Nf2 Bf5 20. g4 Bxg4
21. Nxg4 Qxg4 22. Re4 Ra4 23. Rg1 Qf5 24. Re7 Qxf4+ 25. Qxf4 Rxf4 26. Rxg6
Raxc4 27. Rexg7 h5 28. b3 Rc5 29. Rg8+ Kh7 30. R6g7+ Kh6 31. Rg6+ Kh7 32. b4
Rxb4 33. R8g7+ Kh8 34. Rg8+ 1/2-1/2

[Event "89 Bristol Championship"]
[Site "The Great Hall, Bristol Gramm"]
[Date "2023.04.01"]
[Round "2.9"]
[White "Bennett, Tom"]
[Black "Pezelj, Sinisa"]
[Result "0-1"]
[WhiteElo "1678"]
[BlackElo "2244"]
[PlyCount "110"]
[EventDate "2023.03.31"]
[EventRounds "5"]
[EventCountry "ENG"]

1. b3 d5 2. Bb2 Nf6 3. Nf3 c5 4. c4 d4 5. e3 Nc6 6. exd4 Nxd4 7. Nxd4 cxd4 8.
d3 e5 9. Be2 Bb4+ 10. Nd2 O-O 11. O-O Re8 12. Bf3 Qc7 13. a3 Bd6 14. g3 Bf5 15.
Ne4 Nxe4 16. Bxe4 Bxe4 17. dxe4 Rad8 18. Qd3 f5 19. f3 f4 20. g4 h5 21. h3 Qe7
22. Rf2 Kf7 23. b4 Qh4 24. c5 Bb8 25. Qc4+ Re6 26. gxh5 Qxh3 27. Rg2 Qxf3 28.
Rg6 Rde8 29. Rxe6 Rxe6 30. Bxd4 exd4 31. Qxd4 Qxe4 32. Qxe4 Rxe4 33. Kf2 Re5
34. Rh1 Re3 35. h6 gxh6 36. Rxh6 Be5 37. Rh7+ Bg7 38. Rh4 Re4 39. Kf3 Rc4 40.
Rxf4+ Rxf4+ 41. Kxf4 Bb2 42. a4 Ba3 43. c6 bxc6 44. b5 cxb5 45. axb5 Ke6 46.
Ke4 Bc5 47. Kd3 Kd5 48. Kc3 Bd6 49. b6 axb6 50. Kb3 b5 51. Kc3 Bc5 52. Kb3 Kd4
53. Kc2 Kc4 54. Kc1 Kb3 55. Kb1 b4 0-1

[Event "89 Bristol Championship"]
[Site "The Great Hall, Bristol Gramm"]
[Date "2023.04.01"]
[Round "2.10"]
[White "Garcia, Oscar"]
[Black "Turner, Joseph D"]
[Result "1-0"]
[WhiteElo "2073"]
[BlackElo "1867"]
[PlyCount "47"]
[EventDate "2023.03.31"]
[EventRounds "5"]
[EventCountry "ENG"]

1. e4 e5 2. Nf3 Nc6 3. d4 exd4 4. Bc4 Bc5 5. Ng5 Nh6 6. Nxf7 Nxf7 7. Bxf7+ Kxf7
8. Qh5+ g6 9. Qd5+ Kg7 10. Qxc5 d6 11. Qd5 Re8 12. O-O Re5 13. Qc4 Qh4 14. Nd2
Bg4 15. Qd3 Nb4 16. Qxd4 Nxc2 17. Qc3 Nxa1 18. f4 Rf8 19. fxe5 Rxf1+ 20. Nxf1
dxe5 21. b3 Qe7 22. Bb2 Kf6 23. Bxa1 c5 24. Ne3 1-0

[Event "89 Bristol Championship"]
[Site "The Great Hall, Bristol Gramm"]
[Date "2023.04.01"]
[Round "2.11"]
[White "Hobson, Kenneth"]
[Black "Timmins, Chris P"]
[Result "1-0"]
[WhiteElo "2068"]
[BlackElo "1865"]
[PlyCount "63"]
[EventDate "2023.03.31"]
[EventRounds "5"]
[EventCountry "ENG"]

1. e4 e5 2. Nf3 Nc6 3. Nc3 Nf6 4. Bb5 a6 5. Bxc6 dxc6 6. Nxe5 Nxe4 7. Nxe4 Qd5
8. O-O Qxe5 9. d4 Qf5 10. Re1 Be6 11. Bg5 h6 12. Bh4 g5 13. Bg3 O-O-O 14. Be5
Rg8 15. Qd2 Be7 16. Rad1 Rd7 17. a4 h5 18. b4 b6 19. Qe2 Kb7 20. b5 cxb5 21.
axb5 a5 22. c4 Ka7 23. c5 bxc5 24. Nxc5 Bxc5 25. dxc5 Rgd8 26. Rxd7 Rxd7 27. c6
Rd5 28. Qe3+ Ka8 29. b6 Rd3 30. b7+ Kb8 31. Bxc7+ Kxc7 32. Qa7 1-0

[Event "89 Bristol Championship"]
[Site "The Great Hall, Bristol Gramm"]
[Date "2023.04.01"]
[Round "2.12"]
[White "Dilleigh, Stephen P"]
[Black "Small, Edward P"]
[Result "1-0"]
[WhiteElo "2047"]
[BlackElo "1839"]
[PlyCount "47"]
[EventDate "2023.03.31"]
[EventRounds "5"]
[EventCountry "ENG"]

1. Nf3 d5 2. d4 Nf6 3. c4 c6 4. Nc3 e6 5. e3 Nbd7 6. Qc2 dxc4 7. Bxc4 b5 8. Be2
Bb7 9. O-O Bd6 10. Rd1 Qe7 11. e4 e5 12. dxe5 Nxe5 13. Nd4 g6 14. f4 Neg4 15.
e5 Nxe5 16. fxe5 Qxe5 17. Nf3 Qc5+ 18. Kh1 b4 19. Qd3 bxc3 20. Qxd6 Qxd6 21.
Rxd6 Nd5 22. bxc3 Rc8 23. c4 c5 24. cxd5 1-0

[Event "89 Bristol Championship"]
[Site "The Great Hall, Bristol Gramm"]
[Date "2023.04.01"]
[Round "2.13"]
[White "Liu, Jack"]
[Black "Shearsby, Jude"]
[Result "1/2-1/2"]
[WhiteElo "1847"]
[BlackElo "2026"]
[PlyCount "114"]
[EventDate "2023.03.31"]
[EventRounds "5"]
[EventCountry "ENG"]

1. e4 c5 2. Nf3 d6 3. d4 cxd4 4. Nxd4 Nf6 5. Nc3 a6 6. h3 e5 7. Nf3 Be7 8. g4
Nc6 9. Be3 Be6 10. Qd2 d5 11. exd5 Nxd5 12. Nxd5 Qxd5 13. Bg2 O-O-O 14. Qxd5
Bxd5 15. O-O h5 16. g5 f6 17. Nh4 Bf7 18. Nf5 Bf8 19. Rfd1 g6 20. Rxd8+ Nxd8
21. Nh4 f5 22. Nf3 Nc6 23. h4 Kc7 24. Rd1 f4 25. Bd2 Bc5 26. Bc3 Re8 27. Nd2
Bd4 28. Bxc6 bxc6 29. Ba5+ Kb8 30. Ne4 Be6 31. c3 Ba7 32. Bb4 Bf5 33. Nf6 Rc8
34. Bd6+ Kb7 35. Bxe5 f3 36. Bf4 c5 37. Be3 Rc6 38. Rd2 Re6 39. Rd7+ Kb6 40.
Rd8 Kb7 41. Rd7+ Kb6 42. Rd5 Kc6 43. Rd2 Bb8 44. Rd8 Bc7 45. Rd5 Bd6 46. Rd2
Be5 47. Nd5 Bg7 48. Nf4 Re4 49. Rd8 Be5 50. Nd5 Rg4+ 51. Kf1 Rxh4 52. Ke1 Rh1+
53. Kd2 Rb1 54. Ne7+ Kc7 55. Rd5 Rxb2+ 56. Kc1 Rb1+ 57. Kd2 Rb2+ 1/2-1/2

[Event "89 Bristol Championship"]
[Site "The Great Hall, Bristol Gramm"]
[Date "2023.04.01"]
[Round "2.14"]
[White "Freeman, Richard Cp"]
[Black "Walker, Max"]
[Result "0-1"]
[WhiteElo "2018"]
[BlackElo "1830"]
[PlyCount "68"]
[EventDate "2023.03.31"]
[EventRounds "5"]
[EventCountry "ENG"]

1. e4 c6 2. d4 d5 3. exd5 cxd5 4. Bf4 Nc6 5. c3 Bf5 6. Bd3 Bxd3 7. Qxd3 e6 8.
Nd2 Bd6 9. Bxd6 Qxd6 10. Ngf3 Nge7 11. O-O O-O 12. Rae1 Ng6 13. Qe3 Nce7 14.
Ne5 Qa6 15. g4 Nxe5 16. dxe5 Qxa2 17. f4 Qxb2 18. Rb1 Qc2 19. Rxb7 Rfe8 20. Nf3
Qg6 21. h3 Nf5 22. Qf2 h5 23. Ng5 Nh6 24. gxh5 Qxh5 25. Rxa7 Rac8 26. Qc2 g6
27. Rb1 Rc4 28. Qf2 Rxc3 29. Rbb7 Rec8 30. Ra2 Rc1+ 31. Kg2 Qd1 32. Rbb2 Qh1+
33. Kg3 Rg1+ 34. Kh4 Nf5# 0-1

[Event "89 Bristol Championship"]
[Site "The Great Hall, Bristol Gramm"]
[Date "2023.04.01"]
[Round "2.15"]
[White "Kent, Alex"]
[Black "Davis, Colin J"]
[Result "0-1"]
[WhiteElo "1811"]
[BlackElo "1915"]
[PlyCount "60"]
[EventDate "2023.03.31"]
[EventRounds "5"]
[EventCountry "ENG"]

1. e4 d6 2. d4 Nf6 3. Nc3 g6 4. Be3 a6 5. a4 Bg7 6. Qd2 Nc6 7. d5 Nb4 8. Nb5
Nbxd5 9. exd5 axb5 10. Bxb5+ Bd7 11. Rb1 c6 12. dxc6 bxc6 13. Bc4 Rxa4 14. Bb3
Ra8 15. Ne2 O-O 16. O-O Ng4 17. Bf4 Qc7 18. h3 Nf6 19. Rfe1 e5 20. Bh6 d5 21.
Ng3 Be6 22. Bxg7 Kxg7 23. Ra1 c5 24. Qe2 Rxa1 25. Rxa1 Rb8 26. Ra2 Bd7 27. Qa6
Bc6 28. Qa7 Qxa7 29. Rxa7 c4 30. Rc7 Bd7 0-1

[Event "89 Bristol Championship"]
[Site "The Great Hall, Bristol Gramm"]
[Date "2023.04.01"]
[Round "2.16"]
[White "Fowler, Hugo"]
[Black "Shepherd, Tom"]
[Result "0-1"]
[WhiteElo "1878"]
[BlackElo "1766"]
[PlyCount "120"]
[EventDate "2023.03.31"]
[EventRounds "5"]
[EventCountry "ENG"]

1. e4 e5 2. Nf3 Nc6 3. Bc4 Bc5 4. c3 Nf6 5. d4 exd4 6. cxd4 Bb4+ 7. Bd2 Bxd2+
8. Nbxd2 d5 9. exd5 Nxd5 10. O-O O-O 11. Ne5 Nb6 12. Nxc6 bxc6 13. Qb3 Qxd4 14.
Qe3 Qxb2 15. Bb3 Bf5 16. Rac1 Qf6 17. Qf4 Bd3 18. Qxf6 gxf6 19. Rfd1 Rfd8 20.
Nf3 Rd6 21. Rc5 a5 22. a4 Bc4 23. Rxd6 cxd6 24. Rxc6 Bxb3 25. Rxb6 Bxa4 26.
Rxd6 Bb3 27. Nd4 a4 28. Kf1 Bc4+ 29. Ke1 a3 30. Nc2 a2 31. Rxf6 a1=Q+ 32. Nxa1
Rxa1+ 33. Kd2 Kg7 34. Rb6 Bd5 35. g3 Ra3 36. Rd6 Be6 37. Rb6 Kf6 38. Rb8 Bf5
39. Rb6+ Kg7 40. Rd6 Bg6 41. Rb6 Kh6 42. Rb5 Rf3 43. Ke1 Rc3 44. Kd2 Rc2+ 45.
Ke3 Bh5 46. Rb6+ Kg7 47. Rb5 Kg6 48. Rb6+ f6 49. h3 Re2+ 50. Kd4 Bf3 51. Rb3
Rxf2 52. Ke3 Rf1 53. h4 Bg4 54. Ke4 h5 55. Rc3 f5+ 56. Ke5 Re1+ 57. Kd5 Rf1 58.
Ke5 Rf3 59. Rc6+ Kf7 60. Rc7+ Ke8 0-1

[Event "89 Bristol Championship"]
[Site "The Great Hall, Bristol Gramm"]
[Date "2023.04.01"]
[Round "2.17"]
[White "Timbrell, Matthew"]
[Black "Ramprasad, Cherupalli"]
[Result "1/2-1/2"]
[WhiteElo "1426"]
[BlackElo "1869"]
[PlyCount "194"]
[EventDate "2023.03.31"]
[EventRounds "5"]
[EventCountry "ENG"]

1. c4 c6 2. Nc3 d5 3. cxd5 cxd5 4. d4 Nc6 5. Nf3 Nf6 6. Bf4 a6 7. e3 e6 8. Bd3
Be7 9. O-O Nh5 10. Rc1 Nxf4 11. exf4 Bd6 12. Ne5 O-O 13. Na4 h6 14. Bb1 g6 15.
Nxc6 bxc6 16. Rxc6 Bxf4 17. Qc2 Bd7 18. Rc3 Rc8 19. Nc5 Bb5 20. Nxe6 Rxc3 21.
bxc3 Qf6 22. Nxf8 Bxf1 23. Nxg6 Qxg6 24. Qxg6+ fxg6 25. Kxf1 Kf7 26. Ke2 g5 27.
h3 Ke6 28. Bd3 a5 29. Bb5 Bc1 30. a4 Bb2 31. Kd3 Ba3 32. Be8 Ke7 33. Bh5 Ke6
34. Bg4+ Ke7 35. Bf3 Ke6 36. c4 dxc4+ 37. Kxc4 Bb4 38. Kd3 Be1 39. Ke2 Bc3 40.
Ke3 Bb2 41. Ke4 Ba3 42. Be2 Bb4 43. Bc4+ Kf6 44. Kd5 h5 45. Ke4 Be1 46. Ke3 h4
47. Kf3 Bc3 48. Ke3 Be1 49. Bd5 Kf5 50. Bg8 Kf6 51. Kf3 Bc3 52. d5 Be5 53. g3
hxg3 54. fxg3 Bd6 55. Kg4 Be7 56. Bh7 Ke5 57. Bg8 Kf6 58. Be6 Bd6 59. Bd7 Be7
60. h4 gxh4 61. gxh4 Bf8 62. Be8 Ke5 63. Bf7 Kf6 64. Be6 Be7 65. Kh5 Bf8 66.
Kg4 Be7 67. h5 Bf8 68. Kf4 Be7 69. Bf5 Bf8 70. Be6 Bb4 71. Ke4 Bf8 72. Kd4 Bh6
73. Kc5 Ke7 74. Kc6 Bd2 75. Kb6 Kd6 76. Bg8 Ke7 77. h6 Bxh6 78. Kxa5 Kd7 79.
Kb5 Kc7 80. Bh7 Be3 81. Be4 Bf2 82. Bg6 Bg1 83. Be8 Bf2 84. Bc6 Bg1 85. Kc4 Bb6
86. Kd3 Kd6 87. Ke4 Ba5 88. Kd4 Be1 89. Kc4 Kc7 90. Kb5 Bf2 91. a5 Bg1 92. Kc4
Bf2 93. Kd3 Bg1 94. Ke4 Kd6 95. Kf5 Ke7 96. Ke5 Bh2+ 97. Kf5 Bg1 1/2-1/2

[Event "89 Bristol Championship"]
[Site "The Great Hall, Bristol Gramm"]
[Date "2023.04.01"]
[Round "2.18"]
[White "Arkell, Keith C"]
[Black "Cave, Iwan"]
[Result "1-0"]
[WhiteElo "2395"]
[BlackElo "1691"]
[PlyCount "177"]
[EventDate "2023.03.31"]
[EventRounds "5"]
[EventCountry "ENG"]

1. d4 Nf6 2. Nf3 c5 3. d5 e6 4. Nc3 exd5 5. Nxd5 Nxd5 6. Qxd5 Nc6 7. e4 d6 8.
Bc4 Be6 9. Qd3 Nb4 10. Qe2 d5 11. exd5 Nxd5 12. Ng5 Qd6 13. Nxe6 fxe6 14. O-O
O-O-O 15. Bg5 Be7 16. Bxd5 Bxg5 17. Qxe6+ Qxe6 18. Bxe6+ Kc7 19. Rad1 Rhe8 20.
Rxd8 Rxd8 21. Bf5 h6 22. Bd3 a6 23. a4 Kc6 24. Re1 Rd6 25. g3 b5 26. axb5+ axb5
27. b3 Rd4 28. Re6+ Kd5 29. Rb6 b4 30. Rb7 Bf6 31. Kf1 Kc6 32. Ra7 Rd8 33. Ra6+
Kb7 34. Re6 Kc7 35. f4 Rd6 36. Re4 Rd7 37. Re1 Re7 38. Rd1 Bd4 39. Kg2 Re3 40.
Kh3 Kd6 41. Kg4 Ke6 42. Rf1 Kf6 43. Kh5 Bc3 44. Rf2 Bd4 45. Rf1 Bc3 46. f5 Be5
47. Kh4 Ke7 48. Rf2 Kf6 49. Kg4 Bd6 50. Bb5 Be5 51. Kh3 Bd4 52. Rf4 Be5 53. Rf1
Bd4 54. Kg2 Re5 55. Bd3 Re3 56. Rf4 Kf7 57. Rg4 Bf6 58. Kh3 Be5 59. Kh4 Bf6+
60. Kh5 Be5 61. Bc4+ Kf6 62. Rg6+ Ke7 63. Re6+ Kf8 64. f6 gxf6 65. Kxh6 Rc3 66.
Kg6 Bd4 67. Bd3 c4 68. Bxc4 Rxc2 69. Bb5 Rc8 70. Bc4 Rc5 71. h4 Rc7 72. g4 Bc3
73. Bb5 Rg7+ 74. Kf5 Rc7 75. Bc4 Kg7 76. Rb6 Rc5+ 77. Ke4 Re5+ 78. Kf3 Re7 79.
Bd5 Bd2 80. Be6 Be1 81. Bc4 Bd2 82. Rd6 Bc1 83. h5 Bb2 84. g5 fxg5 85. h6+ Kh8
86. Kg4 Re3 87. Kh5 Rf3 88. Rd8+ Kh7 89. Bg8+ 1-0

[Event "89 Bristol Championship"]
[Site "The Great Hall, Bristol Gramm"]
[Date "2023.04.01"]
[Round "2.19"]
[White "Lesniowski, Paul A"]
[Black "Kett, Timothy J"]
[Result "0-1"]
[WhiteElo "1840"]
[BlackElo "2124"]
[PlyCount "54"]
[EventDate "2023.03.31"]
[EventRounds "5"]
[EventCountry "ENG"]

1. e4 e5 2. Nf3 Nc6 3. d4 exd4 4. Nxd4 Nf6 5. Nxc6 bxc6 6. e5 Qe7 7. Qe2 Nd5 8.
c4 Ba6 9. b3 O-O-O 10. Bb2 g5 11. g3 Bg7 12. Bg2 Rhe8 13. O-O Bxe5 14. Bxe5
Qxe5 15. Qxe5 Rxe5 16. cxd5 Bxf1 17. Kxf1 cxd5 18. Nc3 c6 19. b4 Rde8 20. Rc1
d4 21. Nd5 Kd8 22. Nf6 R8e6 23. Nh5 d3 24. Bf3 d2 25. Rd1 Re1+ 26. Kg2 Rxd1 27.
Bxd1 Re1 0-1

[Event "89 Bristol Championship"]
[Site "The Great Hall, Bristol Gramm"]
[Date "2023.04.01"]
[Round "2.20"]
[White "Williams, Stephen M"]
[Black "Gallagher, Ian G"]
[Result "0-1"]
[WhiteElo "1837"]
[BlackElo "2042"]
[Annotator "Tipper, Dave"]
[PlyCount "82"]
[EventDate "2023.03.31"]
[EventRounds "5"]
[EventCountry "ENG"]

{[%evp 0,82,27,-22,-22,-18,6,-29,-31,-23,-26,-60,-28,-40,-14,-18,2,1,-2,-3,2,0,
2,-11,4,-8,4,1,15,23,17,26,41,45,43,42,42,42,57,76,86,40,70,99,127,6,7,7,44,22,
81,66,76,49,48,63,79,80,83,79,116,133,137,178,129,154,204,202,210,215,234,234,
236,204,204,197,197,-72,-72,0,0,0,0,0,0]} 1. b3 Nf6 2. Bb2 g6 3. Bxf6 exf6 4.
e4 Bg7 5. d4 b6 6. Nd2 Bb7 7. Ngf3 d6 8. Bb5+ Nd7 9. O-O O-O 10. c3 Re8 11. Qc2
a6 12. Bd3 Nf8 13. Rfe1 c5 14. d5 Qc7 15. a4 f5 16. exf5 Bxd5 17. Rxe8 Rxe8 18.
Bxa6 gxf5 19. Bb5 Re6 20. Bd3 Ng6 21. Bxf5 Re2 22. Bxg6 hxg6 23. Qd3 Bxf3 24.
Nxf3 Qe7 25. Kf1 Re6 26. a5 bxa5 27. Rxa5 Bf6 28. b4 cxb4 29. cxb4 Qc7 30. g3
Qc1+ 31. Kg2 Qb2 32. Qc4 Re2 33. Qc8+ Kh7 34. Qh3+ Kg7 35. Ra8 g5 36. Qh8+ Kg6
37. Rg8+ Bg7 38. h4 Rxf2+ 39. Kh3 g4+ 40. Kxg4 f5+ 41. Kh3 Rxf3 {White lost on
time} 0-1

[Event "89 Bristol Championship"]
[Site "The Great Hall, Bristol Gramm"]
[Date "2023.04.01"]
[Round "2.21"]
[White "Mcdougall, William M"]
[Black "Clarke, James"]
[Result "0-1"]
[WhiteElo "2039"]
[BlackElo "1640"]
[PlyCount "40"]
[EventDate "2023.03.31"]
[EventRounds "5"]
[EventCountry "ENG"]

1. d4 Nf6 2. c4 g6 3. Nc3 d5 4. Nf3 Bg7 5. Qb3 dxc4 6. Qxc4 Be6 7. Qb5+ Bd7 8.
Qb3 c5 9. d5 b5 10. Nxb5 Na6 11. e4 Nxe4 12. Bd3 Qa5+ 13. Nd2 O-O 14. Qc4 Nb4
15. Na3 Nd6 16. Qb3 Ba4 17. Nac4 Bxb3 18. Nxa5 Nxd3+ 19. Ke2 Nxc1+ 20. Raxc1
Bxd5 0-1

[Event "89 Bristol Championship"]
[Site "The Great Hall, Bristol Gramm"]
[Date "2023.04.01"]
[Round "2.22"]
[White "Mize, Dylan"]
[Black "Nendick, Philip Hc"]
[Result "1/2-1/2"]
[WhiteElo "1714"]
[BlackElo "1906"]
[PlyCount "85"]
[EventDate "2023.03.31"]
[EventRounds "5"]
[EventCountry "ENG"]

1. d4 Nc6 2. Nf3 d5 3. e3 Bg4 4. c4 e5 5. Be2 Bb4+ 6. Bd2 Bxd2+ 7. Qxd2 Bxf3 8.
Bxf3 e4 9. cxd5 exf3 10. dxc6 fxg2 11. Rg1 bxc6 12. Rxg2 g6 13. Qa5 Nf6 14. Nc3
O-O 15. O-O-O Qd6 16. h4 h5 17. Qg5 Rfe8 18. Rdg1 Kh7 19. Rg3 Ne4 20. Nxe4 Rxe4
21. Rf3 Qe7 22. Qxe7 Rxe7 23. Rf6 c5 24. dxc5 a5 25. Rd1 Kg7 26. Rc6 a4 27. a3
Re4 28. Rxc7 Rxh4 29. Rdd7 Rf8 30. Kd2 g5 31. c6 Rc4 32. Kd3 Rc1 33. Kd2 Rc5
34. Ke2 Rc2+ 35. Kf3 Rxb2 36. Ra7 Rc2 37. c7 Rc8 38. Rxa4 R8xc7 39. Rxc7 Rxc7
40. Ra8 Rc1 41. Kg2 Kf6 42. a4 Kf5 43. Ra5+ 1/2-1/2

[Event "89 Bristol Championship"]
[Site "The Great Hall, Bristol Gramm"]
[Date "2023.04.01"]
[Round "2.23"]
[White "Zurba, Jonas"]
[Black "Kramaley, David"]
[Result "1/2-1/2"]
[WhiteElo "1565"]
[BlackElo "1844"]
[PlyCount "104"]
[EventDate "2023.03.31"]
[EventRounds "5"]
[EventCountry "ENG"]

1. e4 d5 2. exd5 Qxd5 3. d4 e5 4. Nc3 Qxd4 5. Qxd4 exd4 6. Nb5 Bd6 7. Nxd6+
cxd6 8. Bf4 d5 9. O-O-O Nc6 10. Nf3 a6 11. Nxd4 Nge7 12. Nxc6 bxc6 13. Bd6 Be6
14. Bd3 Nc8 15. Bc5 Kd7 16. Bd4 f6 17. Bc5 Nd6 18. c4 g6 19. cxd5 Bxd5 20. f3
Rhe8 21. b3 Kc7 22. Rhe1 Rxe1 23. Rxe1 Kd7 24. h4 a5 25. Kb2 a4 26. b4 a3+ 27.
Kb1 Be6 28. Rd1 Bd5 29. Be4 Ke6 30. Bxd5+ cxd5 31. Re1+ Kd7 32. g4 h5 33. Kc2
hxg4 34. fxg4 Ne4 35. Bd4 Kd6 36. Re2 Kc6 37. Bxf6 Nxf6 38. Re6+ Kb5 39. Rxf6
Kxb4 40. Rf4+ Kc5 41. Rf6 Rb8 42. Rxg6 Rb2+ 43. Kc3 Rxa2 44. Kb3 Rh2 45. h5
Rh3+ 46. Ka2 d4 47. h6 d3 48. Rg5+ Kc4 49. Rh5 Rxh5 50. gxh5 d2 51. h7 d1=Q 52.
h8=Q Qc2+ 1/2-1/2

[Event "89 Bristol Championship"]
[Site "The Great Hall, Bristol Gramm"]
[Date "2023.04.01"]
[Round "2.24"]
[White "Zhu, Pengxiao"]
[Black "Miller, George I"]
[Result "0-1"]
[WhiteElo "1495"]
[BlackElo "1841"]
[PlyCount "136"]
[EventDate "2023.03.31"]
[EventRounds "5"]
[EventCountry "ENG"]

1. d4 d5 2. c4 e6 3. Nc3 c5 4. cxd5 exd5 5. dxc5 d4 6. Ne4 Nf6 7. Nxf6+ Qxf6 8.
Nf3 Bxc5 9. g3 O-O 10. Bg2 Nc6 11. O-O Re8 12. a3 Bg4 13. Qc2 Bb6 14. Bg5 Qe6
15. Rae1 Rac8 16. Qd3 h6 17. Bf4 Rcd8 18. b4 Ne7 19. Ne5 Bf5 20. Qc4 Nd5 21.
Bxd5 Rxd5 22. Nd3 Rc8 23. Qb3 Bh3 24. Bxh6 Rh5 25. Qxe6 fxe6 26. Bf4 Bxf1 27.
Rxf1 Rc2 28. Bd6 Rd5 29. Bb8 Rd8 30. Bf4 Rxe2 31. a4 Rc8 32. Rd1 Rcc2 33. Kg2
Bd8 34. g4 g5 35. Be5 Rcd2 36. Rxd2 Rxd2 37. Nc5 Bb6 38. Ne4 Ra2 39. a5 Bxa5
40. bxa5 Rxa5 41. Bxd4 Ra4 42. Nf6+ Kf7 43. Bb2 Rf4 44. Nd7 Rxg4+ 45. Kf3 Rf4+
46. Kg3 Rb4 47. Ne5+ Kg8 48. Bc1 a5 49. Bd2 Rb5 50. Nc4 a4 51. Kf3 a3 52. Nxa3
Rb3+ 53. Ke4 Rxa3 54. Bxg5 Ra5 55. Be3 Rd5 56. h4 Kh7 57. Bg5 Kg6 58. Be7 Kh5
59. f4 Kg4 60. Bf6 b5 61. Be5 Rc5 62. Bf6 Rh5 63. Bg5 b4 64. Kd3 Rxh4 65. Kc4
Rh5 66. Be7 Kxf4 67. Kxb4 Rd5 68. Kc4 Rd1 0-1

[Event "89 Bristol Championship"]
[Site "The Great Hall, Bristol Gramm"]
[Date "2023.04.01"]
[Round "3.1"]
[White "Garcia-Ruiz, Aitor"]
[Black "Beaumont, Chris R"]
[Result "0-1"]
[WhiteElo "2077"]
[BlackElo "2254"]
[PlyCount "80"]
[EventDate "2023.03.31"]
[EventRounds "5"]
[EventCountry "ENG"]

1. d4 d6 2. Nf3 g6 3. c4 Bg7 4. e4 Bg4 5. Be2 Nc6 6. d5 Bxf3 7. Bxf3 Nd4 8. O-O
c5 9. dxc6 bxc6 10. Nc3 Rb8 11. g3 c5 12. Bg2 Nf6 13. f4 O-O 14. b3 Ne8 15. Be3
Nc7 16. Rc1 Rb6 17. f5 e6 18. Ne2 Nxe2+ 19. Qxe2 exf5 20. exf5 Re8 21. Rf3 Bd4
22. Qf2 Rxe3 23. Rxe3 d5 24. Rd1 dxc4 25. bxc4 Rb2 26. Rxd4 Qxd4 27. Qf4 Qd2
28. Qf3 gxf5 29. Rd3 Qc2 30. Rc3 Rb1+ 31. Bf1 Qe4 32. Re3 Qd4 33. Kg2 Ne6 34.
Bd3 Rb2+ 35. Re2 Rxe2+ 36. Qxe2 f4 37. Qe4 Qb2+ 38. Kf1 Qc1+ 39. Kf2 Qd2+ 40.
Kf1 Qxh2 0-1

[Event "89 Bristol Championship"]
[Site "The Great Hall, Bristol Gramm"]
[Date "2023.04.01"]
[Round "3.2"]
[White "Stubbs, Oliver"]
[Black "Bezuidenhout, Roland"]
[Result "1/2-1/2"]
[WhiteElo "2052"]
[BlackElo "2214"]
[PlyCount "69"]
[EventDate "2023.03.31"]
[EventRounds "5"]
[EventCountry "ENG"]

1. d4 e6 2. Nf3 Nf6 3. Bf4 c5 4. e3 b6 5. Nbd2 Bb7 6. c3 Be7 7. h3 Nc6 8. Bd3
O-O 9. O-O Rc8 10. Qe2 d6 11. Rfe1 Qc7 12. Bh2 Rfe8 13. e4 cxd4 14. Nxd4 Nd7
15. Rad1 Qb8 16. N2f3 Nc5 17. Bb5 Red8 18. Nxc6 Bxc6 19. Bxc6 Rxc6 20. Nd4 Rcc8
21. Bg3 a6 22. h4 Qb7 23. h5 b5 24. Qg4 h6 25. Re3 Bf6 26. Rde1 Na4 27. Rf3 Bg5
28. e5 d5 29. Bf4 Bxf4 30. Rxf4 Qe7 31. Re3 Kh7 32. Rg3 Rg8 33. Rgf3 Rgf8 34.
Rg3 Rg8 35. Rgf3 1/2-1/2

[Event "89 Bristol Championship"]
[Site "The Great Hall, Bristol Gramm"]
[Date "2023.04.01"]
[Round "3.3"]
[White "Alizada, Eldar A"]
[Black "Ogunshola, Olugbemiga (Ben)"]
[Result "0-1"]
[WhiteElo "1968"]
[BlackElo "2095"]
[PlyCount "72"]
[EventDate "2023.03.31"]
[EventRounds "5"]
[EventCountry "ENG"]

{[%evp 0,72,31,15,27,3,31,43,37,33,33,8,49,45,51,59,53,68,87,75,105,107,106,
102,99,78,70,82,150,123,108,58,55,45,16,-9,-17,-21,-9,-5,-4,-8,-20,-21,-8,0,
-22,-26,-32,-30,-31,-33,-42,-33,-34,-42,-46,-84,-104,-138,-92,-216,-251,-240,
-240,-249,-249,-253,-253,-253,-260,-257,-257,-270,-265]} 1. d4 Nf6 2. c4 g6 3.
Nc3 Bg7 4. e4 d6 5. f3 c6 6. Be3 a6 7. Bd3 b5 8. Nge2 bxc4 9. Bxc4 d5 10. Bb3
dxe4 11. fxe4 Ng4 12. Bf4 e5 13. dxe5 Qe7 14. Qd6 Bxe5 15. Bxe5 Nxe5 16. O-O-O
Bg4 17. h3 Bxe2 18. Nxe2 Nbd7 19. Ba4 Qxd6 20. Rxd6 Ke7 21. Rhd1 Rhc8 22. Nc3
Rab8 23. R6d4 Nc5 24. Bc2 a5 25. Na4 Ne6 26. R4d2 Rc7 27. Bb3 Rb4 28. Nc3 Nc5
29. Bd5 Rcb7 30. a3 Rxb2 31. Ba2 R2b3 32. Bxb3 Nxb3+ 33. Kc2 Nxd2 34. Rxd2 Nc4
35. Rd4 Nxa3+ 36. Kd3 Rb3 0-1

[Event "89 Bristol Championship"]
[Site "The Great Hall, Bristol Gramm"]
[Date "2023.04.01"]
[Round "3.4"]
[White "Chaplin, Peter E"]
[Black "Garcia, Oscar"]
[Result "1/2-1/2"]
[WhiteElo "2019"]
[BlackElo "2073"]
[PlyCount "39"]
[EventDate "2023.03.31"]
[EventRounds "5"]
[EventCountry "ENG"]

1. b3 e5 2. Bb2 Nc6 3. e3 Nf6 4. Bb5 Bd6 5. Na3 Na5 6. Be2 a6 7. c4 e4 8. f4
Bf8 9. Nb1 b6 10. Nc3 Bb7 11. Nh3 Qe7 12. Nf2 O-O-O 13. Qc2 Rg8 14. a3 g5 15.
fxg5 Rxg5 16. g4 Rg6 17. Rc1 d6 18. h4 h6 19. Rf1 Re8 20. g5 1/2-1/2

[Event "89 Bristol Championship"]
[Site "The Great Hall, Bristol Gramm"]
[Date "2023.04.01"]
[Round "3.5"]
[White "Davis, Colin J"]
[Black "Pezelj, Sinisa"]
[Result "1/2-1/2"]
[WhiteElo "1915"]
[BlackElo "2244"]
[PlyCount "79"]
[EventDate "2023.03.31"]
[EventRounds "5"]
[EventCountry "ENG"]

1. Nf3 e6 2. b3 d5 3. Bb2 Nf6 4. e3 Bd6 5. d4 O-O 6. Bd3 Ne4 7. O-O f5 8. c4 c6
9. Ba3 Rf6 10. Bxd6 Qxd6 11. Ne5 Nd7 12. Nxd7 Bxd7 13. Nd2 e5 14. dxe5 Qxe5 15.
Nf3 Qd6 16. cxd5 cxd5 17. g3 Be8 18. Nd4 Qe5 19. Rc1 Bd7 20. Bb1 a5 21. Nf3 Qd6
22. Qd4 Bb5 23. Rfe1 Raf8 24. a3 h6 25. b4 axb4 26. axb4 Bc4 27. Ne5 b5 28. f4
Ra8 29. Bxe4 fxe4 30. Rb1 Ra4 31. Nxc4 dxc4 32. Qxe4 Rxb4 33. Rxb4 Qxb4 34. Rb1
Qc5 35. Qe8+ Rf8 36. Rxb5 Qd6 37. Qe4 Qd1+ 38. Kf2 Qd2+ 39. Kf3 Qd1+ 40. Kf2
1/2-1/2

[Event "89 Bristol Championship"]
[Site "The Great Hall, Bristol Gramm"]
[Date "2023.04.01"]
[Round "3.6"]
[White "Walker, Max"]
[Black "Hobson, Kenneth"]
[Result "0-1"]
[WhiteElo "1830"]
[BlackElo "2068"]
[PlyCount "60"]
[EventDate "2023.03.31"]
[EventRounds "5"]
[EventCountry "ENG"]

1. e4 e5 2. Nf3 Nc6 3. Bb5 a6 4. Ba4 Nf6 5. O-O b5 6. Bb3 Bc5 7. a4 Rb8 8. Nxe5
Nxe5 9. d4 Bxd4 10. Qxd4 d6 11. axb5 axb5 12. f4 Nc6 13. Qc3 Ne7 14. e5 Ne4 15.
Qe1 d5 16. Nd2 Bf5 17. Nxe4 Bxe4 18. Be3 O-O 19. Bc5 Re8 20. c3 Qd7 21. Qf2 Nc6
22. Rfe1 Qf5 23. Ra6 Re6 24. Raa1 Rg6 25. g3 Nd8 26. Red1 c6 27. Bd6 Rc8 28.
Qd2 Ne6 29. Rf1 Qh3 30. Rf2 Rxg3+ 0-1